[Event "GER Cup18 sf20 serv"]
[Site "GER email"]
[Date "2010.06.20"]
[Round "?"]
[White "Schmidt, Horst W"]
[Black "Beck, Gerhard"]
[Result "0-1"]
[WhiteElo "1963"]
[BlackElo "1958"]
[PlyCount "100"]
[EventDate "2010.06.21"]
[EventType "tourn (corr)"]
[EventRounds "8"]
[EventCountry "GER"]
[SourceTitle "Corr 2015"]
[Source "ChessBase"]
[SourceDate "2015.07.17"]
[SourceVersion "1"]
[SourceVersionDate "2015.07.17"]
[SourceQuality "1"]
[WhiteTeam "Germany"]
[BlackTeam "Germany"]
[WhiteTeamCountry "GER"]
[BlackTeamCountry "GER"]

1. d4 Nf6 2. c4 e6 3. Nc3 Bb4 4. e3 0-0 5. Bd3 d5 6. Nf3 c5 7. 0-0 Nc6 8. a3 Bxc3 9. bxc3 Qc7 10. cxd5 exd5 11. Nh4 Qa5 12. Bd2 Ne4 13. Be1 c4 14. Bxe4 dxe4 15. f3 Qd5 16. fxe4 Qxe4 17. Qf3 Qxf3 18. Nxf3 Re8 19. Bg3 Bf5 20. Rfe1 Bd3 21. Ra2 Na5 22. Rb2 b6 23. Kf2 f6 24. Nd2 Re6 25. h4 Rae8 26. Bf4 h5 27. Kf3 Nb3 28. Nxb3 cxb3 29. Rxb3 g5 30. Bg3 Re4 31. Kf2 Rg4 32. Rh1 Be4 33. c4 Rc8 34. Rc3 Kf7 35. c5 bxc5 36. Rxc5 Rxc5 37. dxc5 Kg6 38. hxg5 fxg5 39. Rg1 Bc6 40. Bb8 h4 41. Bxa7 Rc4 42. Re1 g4 43. e4 Bxe4 44. Bb8 Rc2+ 45. Ke3 Bxg2 46. Kd4 Rd2+ 47. Ke3 Rb2 48. Be5 Rc2 49. Bd6 Bc6 50. Kd3 Ra2 0-1

[Event "GER Cup18 sf20 serv"]
[Site "GER email"]
[Date "2010.06.20"]
[Round "?"]
[White "Tacke, Hubert"]
[Black "Beck, Gerhard"]
[Result "0-1"]
[WhiteElo "1804"]
[BlackElo "1958"]
[PlyCount "94"]
[EventDate "2010.06.21"]
[EventType "tourn (corr)"]
[EventRounds "8"]
[EventCountry "GER"]
[SourceTitle "Corr 2015"]
[Source "ChessBase"]
[SourceDate "2015.07.17"]
[SourceVersion "1"]
[SourceVersionDate "2015.07.17"]
[SourceQuality "1"]
[WhiteTeam "Germany"]
[BlackTeam "Germany"]
[WhiteTeamCountry "GER"]
[BlackTeamCountry "GER"]

1. e4 c5 2. Nf3 d6 3. Bb5+ Bd7 4. Bxd7+ Qxd7 5. 0-0 Nc6 6. c3 Nf6 7. Re1 e6 8. d4 cxd4 9. cxd4 d5 10. e5 Ne4 11. Nbd2 Nxd2 12. Bxd2 Be7 13. Rc1 0-0 14. Re3 Rac8 15. Rec3 a6 16. h3 Na7 17. Kh2 Rxc3 18. Rxc3 Nc6 19. Rc1 h6 20. a3 Rb8 21. Qe2 Qd8 22. Qd3 Qb6 23. Bc3 Rc8 24. Qe3 Qb3 25. g4 Na7 26. h4 Qa4 27. Kg2 Rc7 28. g5 h5 29. Qd2 g6 30. Qd1 Qd7 31. Qb3 Rc4 32. Qd1 Qc7 33. Bd2 Kg7 34. Rxc4 Qxc4 35. Qc1 Qb5 36. Qc2 Nc6 37. Be1 Bd8 38. Bc3 Ba5 39. Bxa5 Nxa5 40. Ne1 b6 41. Kg1 Nb3 42. Nf3 a5 43. Kh2 Na1 44. Qd2 Qf1 45. Qe3 Nc2 46. Qd2 Qc4 47. Kg2 Qb3 0-1

[Event "GER Cup18 sf21 serv"]
[Site "GER email"]
[Date "2010.06.09"]
[Round "?"]
[White "Beck, Gerhard"]
[Black "Belikan, Thomas"]
[Result "1/2-1/2"]
[WhiteElo "1958"]
[BlackElo "1940"]
[PlyCount "61"]
[EventDate "2010.06.21"]
[EventType "tourn (corr)"]
[EventRounds "8"]
[EventCountry "GER"]
[SourceTitle "Corr 2015"]
[Source "ChessBase"]
[SourceDate "2015.07.17"]
[SourceVersion "1"]
[SourceVersionDate "2015.07.17"]
[SourceQuality "1"]
[WhiteTeam "Germany"]
[BlackTeam "Germany"]
[WhiteTeamCountry "GER"]
[BlackTeamCountry "GER"]

1. d4 Nf6 2. c4 e6 3. Nf3 b6 4. g3 Ba6 5. b3 Bb4+ 6. Bd2 Be7 7. Bg2 c6 8. Bc3 d5 9. Nbd2 0-0 10. 0-0 Nbd7 11. Re1 c5 12. e4 dxe4 13. Nxe4 Nxe4 14. Rxe4 Bb7 15. Re2 Bf6 16. Rd2 Qc8 17. Qc2 cxd4 18. Bxd4 Qc7 19. Bxf6 Nxf6 20. Rad1 Rad8 21. Rxd8 Rxd8 22. Ne5 Rxd1+ 23. Qxd1 Bxg2 24. Kxg2 Ne4 25. Qd4 Nd6 26. Nd3 f6 27. g4 Nb7 28. Qe4 Qd7 29. h4 Qc8 30. Qd4 Qc6+ 31. f3 1/2-1/2